000 00781 a2200193 4500
008 080820t xxu||||| |||| 00| 0 eng d
010 _aENG-84832
020 _a.
_c750.00
035 _aEN-68365
037 _bD.B.Act / Pub
082 _a658.401
100 _aMurthy, C. S. V.
245 _aEnterprise resource planning (ERP)
_cby C. S. V. Murthy
260 _aMumbai
_bHimalaya Publishing House
_c2006
270 _aRamdoot, Dr Bhalerao Marg, Girgaon,
_bMumbai
_cMaharashtra
_e400034
_k23860170
_mhimpub@vsnl.net.in
300 _a285 p. ;
_c24 cm. (Pbb)
942 _adpl
_cEN
_k658.401 / MUR
_2ddc
_h658.401
_mMUR
999 _c496
_d496